Linking Clauses and Actions in Social Interaction (Record no. 49191)
[ view plain ]
| 000 -LEADER | |
|---|---|
| fixed length control field | 02763nam a2200277Ia 4500 |
| 000 - LEADER | |
| fixed length control field | 03898naaa 00541uu |
| 001 - CONTROL NUMBER | |
| control field | https://directory.doabooks.org/handle/20.500.12854/37892 |
| 008 - FIXED-LENGTH DATA ELEMENTS--GENERAL INFORMATION | |
| fixed length control field | 211013s9999 xx 000 0 und d |
| 020 ## - INTERNATIONAL STANDARD BOOK NUMBER | |
| International Standard Book Number | 9789522229007 |
| 024 ## - OTHER STANDARD IDENTIFIER | |
| Standard number or code | 10.21435/sflin.20 |
| 042 ## - AUTHENTICATION CODE | |
| Authentication code | dc |
| 245 #0 - TITLE STATEMENT | |
| Title | Linking Clauses and Actions in Social Interaction |
| 260 ## - PUBLICATION, DISTRIBUTION, ETC. | |
| Place of publication, distribution, etc. | Helsinki, Finland |
| Name of publisher, distributor, etc. | Finnish Literature Society / SKS |
| Date of publication, distribution, etc. | 2017 |
| 300 ## - PHYSICAL DESCRIPTION | |
| Extent | 1 electronic resource (246 p.) |
| 520 ## - SUMMARY, ETC. | |
| Summary, etc. | This volume concerns the ways in which verbal and non-verbal actions are combined and linked in a range of contexts in everyday conversation, in institutional contexts, and in written journalism. The volume includes an introduction which, besides presenting the content of the articles, discusses terminological fundamentals such as the understanding of the terms clause, action and linkage and combining in different grammatical traditions and the ways they are conceived of here, as well as open questions collectively formulated by the contributors in planning for the volume concerning the recognition, emergence and distance of linkage, and the ways these questions are addressed in the contributions to the volume. Topics treated in the articles include combining physical actions and verbal announcements in everyday conversation, linking of verbal and nonverbal actions as well as verbal linkages between nonverbal actions by dance teachers building pedagogical activity. Other topics concern the mediation of questions through informal translating in multilingual conversation in order to organize participation, and the ways in which student requests for clarification and confirmation create learning occasions in a foreign language classroom. Still other articles concern the on-line emergence of alternative questions with the Finnish particle vai 's 2019;or's 2019;, delayed completions of unfinished turns, the transforming of requests and offers into joint ventures, and the ways in which direct quotations are created in written journalism from the original talk in the spoken interview. Most of the papers employ Conversation Analysis and Interactional Linguistics as a theoretical framework. The languages used as data are Finnish, English, Estonian, French, Brazilian Portuguese and Swedish. |
| 540 ## - TERMS GOVERNING USE AND REPRODUCTION NOTE | |
| Terms governing use and reproduction | Creative Commons |
| 653 ## - INDEX TERM--UNCONTROLLED | |
| Uncontrolled term | prosody |
| 700 1# - ADDED ENTRY--PERSONAL NAME | |
| Personal name | Couper-Kuhlen, Elizabeth |
| 700 1# - ADDED ENTRY--PERSONAL NAME | |
| Personal name | Etelamaki, Marja |
| 700 1# - ADDED ENTRY--PERSONAL NAME | |
| Personal name | Etelamaki, Marja |
| 700 1# - ADDED ENTRY--PERSONAL NAME | |
| Personal name | Laury, Ritva |
| 700 1# - ADDED ENTRY--PERSONAL NAME | |
| Personal name | Laury, Ritva |
| 856 ## - ELECTRONIC LOCATION AND ACCESS | |
| Uniform Resource Identifier | <a href="https://docs.google.com/spreadsheets/d/1yKIrdCPDAG_9c22mwoOIO2DOhtj65Wqa/edit?usp=sharing&ouid=106555315294820607512&rtpof=true&sd=true ">https://docs.google.com/spreadsheets/d/1yKIrdCPDAG_9c22mwoOIO2DOhtj65Wqa/edit?usp=sharing&ouid=106555315294820607512&rtpof=true&sd=true </a> |
| Link text | List of Curated E-Books |
| 942 ## - ADDED ENTRY ELEMENTS (KOHA) | |
| Koha item type | E-Book |
| Withdrawn status | Source of classification or shelving scheme | Damaged status | Not for loan | Home library | Current library | Date acquired | Total Checkouts | Date last seen | Price effective from | Koha item type |
|---|---|---|---|---|---|---|---|---|---|---|
| Library of Congress Classification | Not For Loan | Directory of Open Access Books | Directory of Open Access Books | 12/22/2021 | 12/22/2021 | 12/22/2021 | E-Book |